Human Skeleton - Statistics

General Stats
  • This quiz has been taken 5,718 times
    5,699 since last reset
  • The average score is 12 of 20
Answers on the Map
Answers color-coded by a green-red scale on the quiz's map according to % correct below.
 
Answer Stats
Answer % Correct
Cranium
81%
Femur
79%
Humerus
77%
Sternum
75%
Clavicle
73%
Tibia
70%
Patella
68%
Ribs
65%
Scapula
65%
Radius
63%
Lumbar Vertebrae
62%
Coccyx
56%
Cervical Vertebrae
55%
Fibula
55%
Talus
51%
Thoracic Vertebrae
46%
llium
43%
Sacrum
40%
Ulna
36%
Calcaneus
32%
No matching quizzes found
Score Distribution
Percent of People with Each Score
Percentile by Number Answered
Your Score History
You have not taken this quiz since the last reset